Music Quiz

Random Music or Lyrics Quiz

'Radioactive' Lyrics Quiz Stats

 Plays Quiz Updated Jun 27, 2018

Score 0/111 Timer 06:00
7 Plays Today
% Correct
[Chorus]
99.9%
[Chorus]
99.9%
I
97.9%
I
97.6%
I
97.6%
I
97.6%
I
97.6%
a
93.9%
the
93.4%
the
93.4%
the
93.4%
the
93.4%
the
93.4%
the
93.4%
the
93.4%
in
91.2%
in,
91.2%
in
91.2%
in.
91.2%
in
91.2%
I'm
91%
I'm
91%
I'm
91%
I'm
91%
I'm
91%
I'm
91%
to
90.3%
to
90.3%
to
90.3%
to
90.3%
to
90.3%
to
90.3%
to
90.3%
my
87.8%
my
87.8%
my
87.8%
my
87.8%
% Correct
my
87.8%
my
87.8%
my
87.8%
radioactive,
87.5%
radioactive.
87.5%
radioactive,
87.5%
radioactive.
87.5%
it,
86.1%
it
86.1%
up
85.4%
up,
85.4%
up,
85.4%
and
80.5%
and
80.5%
waking
80.5%
waking
80.5%
feel
78.5%
new
77.9%
new
77.9%
new
77.9%
new
77.9%
bones.
77.6%
bones,
77.6%
Welcome
77.2%
Welcome
77.2%
age,
76.5%
age.
76.5%
age,
76.5%
age.
76.5%
breathing
71.5%
chemicals.
70.5%
is
70%
make
69.8%
dust.
69.8%
This
65.3%
systems
65.3%
systems
65.3%
% Correct
ash
65%
rust
64.6%
sweat
64.6%
brow
63.3%
out
62.5%
Enough
61.5%
prison
61%
go.
60.7%
apocalypse.
60.3%
wipe
59.9%
breaking
56.9%
on
55.8%
bus.
54.7%
blow.
52.8%
checking
51.1%
All
51.1%
shaping
51%
It's
47.8%
from
46.4%
revolution,
45.4%
suppose .
44.2%
right
43.4%
Deep
42.4%
fit
42%
red
41.1%
inside.
40.7%
Sun
40.2%
straight
38.2%
hasn't
37.8%
then
37.7%
died.
36%
raise
34.7%
We're
34.5%
clothes.
33.3%
painted
32.9%
flag,
28.2%
dye
20.5%

You're not logged in!

Compare scores with friends on all Sporcle quizzes.
OR
Log In

Sporcle TV

Today on Sporcle TV


Watch our educational content, quiz creation guides, and fun videos on Sporcle TV.

Show Comments

Extras

Top Quizzes Today


Score Distribution

Your Account Isn't Verified!

In order to create a playlist on Sporcle, you need to verify the email address you used during registration. Go to your Sporcle Settings to finish the process.

Report this User

Report this user for behavior that violates our Community Guidelines.

Details: